Prievidza na nových pohľadniciach /

Gespeichert in:
Bibliographische Detailangaben
Hauptverfasser: Dobiaš, Michal 1977- (VerfasserIn, ZusammenstellendeR), Kližan, Erik 1977- (VerfasserIn)
Format: Buch
Sprache:Slowakisch
Veröffentlicht: Prievidza : Patria I., 2016
Schlagworte:
ISBN:9788085674484
Online-Zugang: Volltext
Tags: Tag hinzufügen
Keine Tags, Fügen Sie den ersten Tag hinzu!

MARC

LEADER 00000nam a2200000 4500
003 SK-BrCVT
005 20220621183053.0
006 ao e 000 0d
008 160907s2016 xo o e 000 0dslo#d
020 |a 9788085674484   |q (viaz.) 
035 |a CVTIDW0059322 
040 |a SNK  |b slo  |c SVKBB  |e AACR2  |d CVTI SR 
041 0 |a slo 
044 |a xo  |c SK 
080 |a 908  |2 2008 
100 1 |a Dobiaš, Michal  |d 1977-  |4 aut  |4 com 
245 1 0 |a Prievidza na nových pohľadniciach /  |c zostavil: Michal Dobiaš ; [autori textov Erik Kližan, Michal Dobiaš ; archívne a zbierkové pohľadnice a fotografie: Michal Dobiaš, Marián Šumichrast, František Kučiak] 
260 |a Prievidza :  |b Patria I.,  |c 2016 
300 |a 96 s. :  |b fotogr., lit. ;  |c 24 cm 
651 7 |a Prievidza (Slovensko)  |2 CVTISR 
653 1 |a história 
655 7 |a obrazové publikácie  |2 SNKPH 
700 1 |a Kližan, Erik  |d 1977-  |4 aut 
852 |a CVTISR  |b 1 
910 |b A624332 
919 |a 978-80-85674-48-4 
959 |a 02 
974 |a katarina.repata  |f Knihy 
992 |a AOP 
992 |a APH 
999 |c 262657  |d 262657